000 00463nam a22001457a 4500
020 _qHard Cover.
040 _cNUST.
082 _a620.0011-RIZ
100 _aSyeda Yumna Nasir Rizvi.
_989161
245 _aPseudo-Haptic Feedback Through Mid-Air Action for Learning of Chemical Bond Strength /
_cRizvi, Syeda Yumna Nasir
260 _aIslamabad:
_bRCMS-NUST,
_c2022.
300 _a48 p. :
_bill. ;
_c30cm.
650 _2MS-System Engineering.
942 _2ddc
_cTHE
999 _c587981
_d587981